00532nam a2200181 a 4500001001300000003000900013005001700022008004100039020002300080082002000103100002300123245006500146260005200211300000900263500003500272505002400307650001900331nice12345678IN_TiNIC20260116013609.0050524s1990 bera grp 000 0 eng  a0520939 c10000a305.480297bTHA aThanwi, Ashraf Ali aPerfecting Women; Maulana Ashraf Ali Thanwi`s Bihishti Zewar aBerkeleybUniversity of California Press c1990 a436p aincludes index and biblioraphy2 aIndex, Bibliography aWomen in Islam